000
00346 a2200169 4500
001
162905
020
_a
85-329-0199-9
040
_c
Magnum
100
_a
Marques, Ângela Cristina
240
1
0
_a
Bruno zumbi
_l
por
245
1
0
_a
Bruno zumbi
300
_a
63
362
0
_a
1996
440
1
_a
Lê
697
_a
LITERATURA JUVENIL
942
_c
BK
999
_c
162905
_d
162905